000 01548cam a2200385 a 4500
003 CHAP
005 20220329142218.0
008 000221d1999 mx r 00110 spa d
010 _a79999
011 _a80971
020 _a9688444608
035 _a91430
040 _cCHAP
082 0 4 _a338.174
_bP4
100 0 0 _aPeña de Paz, Francisco Javier
_ecoord.
_986778
245 1 3 _aLa región occidente de México y la Cuenca del Pacífico :
_buna opción de comercio agropecuario?
_c/coord. por Francisco Peña de la Paz y Saúl Martínez González
260 _aChapingo, Méx. :
_bUACH.
_c1999.
300 _a223 p. :
_bgráfs. ; cuadros
590 _aBATCH-UPD
_b10
_c20130110
_lUCH01
_h0059
590 _aBATCH-UPD
_b10
_c20130110
_lUCH01
_h0632
590 _aBATCH-UPD
_b10
_c20130110
_lUCH01
_h2347
590 _aBATCH-UPD
_b10
_c20130409
_lUCH01
_h2048
590 _aBATCH-UPD
_b10
_c20130410
_lUCH01
_h1205
590 _aBATCH-UPD
_b10
_c20130914
_lUCH01
_h1801
590 _aCONVERSION
_b10
_c20130109
_lUCH01
_h1344
650 1 4 _aMéxico
_xComercio
_zCuenca del Pacífico.
_976715
650 1 4 _aProductos agrícolas
_xExportación.
_991945
650 1 4 _aProductos agrícolas
_xMercadeo.
_991951
700 0 _aMartínez González, Saúl.
_972111
711 0 _aSeminario sobre Agricultura y Comercio Exterior en los Estados Rebereños Mexicanos, Frente a la Cuenca del Pacífico
_n(1 :
_c1997:
_dColima, Col.)
_9104261
901 _aBK
905 _aGuadalupe Pinto Co.
942 _cLIBRO
949 _a338.174 P4
_bBC
_cUACH
_d914301
_eUACH
_h96706
_i91430
_sb
999 _c79999
_d79999